| 000 | 00460nam a2200121Ia 4500 | ||
|---|---|---|---|
| 008 | 200928s9999 xx 000 0 und d | ||
| 020 | _a978-971-9654-86-5 | ||
| 100 | _aPeñaflor, Lito A. | ||
| 245 |
_cLito A. Peñaflor, Karyl, Peñflor.-- _aValues education : _bLegal and ethical perspective / |
||
| 260 |
_aManila : _bUnlimited Books Library Services & Publishing Inc. _c2017 |
||
| 300 |
_axvi , 293 pages : _billustrations ; _c23 cm. |
||
| 650 | _aMoral education | ||
| 999 |
_c364534 _d364534 |
||